Sorption and diffusion of aldehydes and ketones into natural rubber blends (Record no. 69059)

MARC details
000 -LEADER
fixed length control field 00501nam a2200181Ia 4500
100 ## - MAIN ENTRY--AUTHOR NAME
Personal name Siddaramaiah
245 #0 - TITLE STATEMENT
Title Sorption and diffusion of aldehydes and ketones into natural rubber blends
260 ## - PUBLICATION, DISTRIBUTION, ETC. (IMPRINT)
Name of publisher Journal of Applied Polymer Science
Year of publication 1998
300 ## - PHYSICAL DESCRIPTION
Number of Pages 101-112
650 ## - SUBJECT ADDED ENTRY--TOPICAL TERM
Topical Term Diffusion
650 ## - SUBJECT ADDED ENTRY--TOPICAL TERM
Topical Term Natural rubber blends
650 ## - SUBJECT ADDED ENTRY--TOPICAL TERM
Topical Term Sorption
700 ## - ADDED ENTRY--PERSONAL NAME
Personal name Premakumar U
700 ## - ADDED ENTRY--PERSONAL NAME
Personal name Roopa S
700 ## - ADDED ENTRY--PERSONAL NAME
Personal name Varadarajalu A
942 ## - ADDED ENTRY ELEMENTS (KOHA)
Koha item type Journals
Holdings
Withdrawn status Lost status Damaged status Not for loan Home library Current library Shelving location Date acquired Serial Enumeration / chronology Koha item type
      Journals RRII Library RRII Library Rubber chemistry 17/12/2021 Volume 67, Issue 1 Journals